Health financing reform in Kenya : (Record no. 4759)

000 -LEADER
fixed length control field 01253nam a2200361 a 4500
001 - CONTROL NUMBER
control field 016974745
003 - CONTROL NUMBER IDENTIFIER
control field UkOxU
005 - DATE AND TIME OF LATEST TRANSACTION
control field 20220329081147.0
008 - FIXED-LENGTH DATA ELEMENTS--GENERAL INFORMATION
fixed length control field 010524s1996 xxua 000 u eng
020 ## - INTERNATIONAL STANDARD BOOK NUMBER
International Standard Book Number 0913723355
035 ## - SYSTEM CONTROL NUMBER
System control number (CU)GLAD184845090
035 ## - SYSTEM CONTROL NUMBER
System control number (UkLeU)b20797588
035 ## - SYSTEM CONTROL NUMBER
System control number (CStRLIN)CUBGGLAD184845090-B
035 ## - SYSTEM CONTROL NUMBER
System control number (UkLCURL)04b20797588
038 ## - RECORD CONTENT LICENSOR
Record content licensor UkLCURL
040 ## - CATALOGING SOURCE
Original cataloging agency DNLM
Transcribing agency ALUPE UNIVERSITY
Modifying agency HU-EWC
-- MiKW
-- CU
049 ## - LOCAL HOLDINGS (OCLC)
Local processing data c
050 ## - LIBRARY OF CONGRESS CALL NUMBER
Classification number RA410.55
Item number .K4 1996
245 00 - TITLE STATEMENT
Title Health financing reform in Kenya :
Remainder of title the fall and rise of cost sharing, 1989-94 /
Statement of responsibility, etc. David H. Collins ... [et al.]
260 ## - PUBLICATION, DISTRIBUTION, ETC.
Place of publication, distribution, etc. Boston, MA :
Name of publisher, distributor, etc. Management Sciences for Health,
Date of publication, distribution, etc. 1996.
300 ## - PHYSICAL DESCRIPTION
Extent xviii, 128 p :
Other physical details ill ;
Dimensions 23 cm.
490 1# - SERIES STATEMENT
Series statement Stubbs monograph series ;
Volume/sequential designation no. 1
504 ## - BIBLIOGRAPHY, ETC. NOTE
Bibliography, etc. note Includes bibliographical references p. [119]-125.
650 #0 - SUBJECT ADDED ENTRY--TOPICAL TERM
Topical term or geographic name entry element Medical economics
Geographic subdivision Kenya.
650 #0 - SUBJECT ADDED ENTRY--TOPICAL TERM
Topical term or geographic name entry element Medical care
Geographic subdivision Kenya
General subdivision Finance.
650 #2 - SUBJECT ADDED ENTRY--TOPICAL TERM
Topical term or geographic name entry element Economics, medical
Geographic subdivision Africa
-- Kenya.
650 #2 - SUBJECT ADDED ENTRY--TOPICAL TERM
Topical term or geographic name entry element Health care costs
Geographic subdivision Africa
-- Kenya.
700 1# - ADDED ENTRY--PERSONAL NAME
Personal name Collins, David H.,
Titles and other words associated with a name FCA.
710 2# - ADDED ENTRY--CORPORATE NAME
Corporate name or jurisdiction name as entry element Management Sciences for Health (Firm)
830 #0 - SERIES ADDED ENTRY--UNIFORM TITLE
Uniform title Stubbs monograph series ;
Volume/sequential designation no. 1.
942 ## - ADDED ENTRY ELEMENTS (KOHA)
Source of classification or shelving scheme
Koha item type Book
Suppress in OPAC JO
Holdings
Withdrawn status Lost status Source of classification or shelving scheme Damaged status Not for loan Permanent Location Current Location Shelving location Date acquired Source of acquisition Total Checkouts Full call number Barcode Date last seen Price effective from Koha item type Public note
          AU LIBRARY AU LIBRARY Open Shelf 29.03.2022 DONATION FROM MOI UNIVERSITY   RA410.55 .K4 1996 28007085 29.03.2022 29.03.2022 Book JO

Powered by Koha